Harry Potter and the prisoner of Azkaban / (Record no. 13946)

000 -LEADER
fixed length control field 01068cam a2200301 a 4500
020 ## - INTERNATIONAL STANDARD BOOK NUMBER
ISBN 0439136350 (hc)
020 ## - INTERNATIONAL STANDARD BOOK NUMBER
ISBN 0439136369 (pb)
040 ## - CATALOGING SOURCE
Transcribing agency DLC
082 00 - DEWEY DECIMAL CLASSIFICATION NUMBER
Classification number 823 ART 1999 A094 Or.
100 1# - MAIN ENTRY--AUTHOR NAME
Personal name Rowling, J. K.
245 10 - TITLE STATEMENT
Title Harry Potter and the prisoner of Azkaban /
260 ## - PUBLICATION, DISTRIBUTION, ETC. (IMPRINT)
Place of publication New York :
Name of publisher Arthur A. Levine Books,
Year of publication 1999.
300 ## - PHYSICAL DESCRIPTION
Number of Pages ix, 435 p. :
Other physical details ill. ;
Dimensions 24 cm.
500 ## - GENERAL NOTE
General note "Year 3"--Spine.
500 ## - GENERAL NOTE
General note Sequel to: Harry Potter and the Chamber of Secrets.
500 ## - GENERAL NOTE
General note Sequel: Harry Potter and the goblet of fire.
520 ## - SUMMARY, ETC.
Summary, etc During his third year at Hogwarts School for Witchcraft and Wizardry, Harry Potter must confront the devious and dangerous wizard responsible for his parents' deaths.
650 #0 - SUBJECT ADDED ENTRY--TOPICAL TERM
Topical Term Granger, Hermione (Fictitious character)
650 #0 - SUBJECT ADDED ENTRY--TOPICAL TERM
Topical Term Weasley, Ron (Fictitious character)
650 #0 - SUBJECT ADDED ENTRY--TOPICAL TERM
Topical Term Hogwarts School of Witchcraft and Wizardry (Imaginary organization)
650 #0 - SUBJECT ADDED ENTRY--TOPICAL TERM
Topical Term Wizards
650 #0 - SUBJECT ADDED ENTRY--TOPICAL TERM
Topical Term Magic
650 #0 - SUBJECT ADDED ENTRY--TOPICAL TERM
Topical Term Schools
650 #1 - SUBJECT ADDED ENTRY--TOPICAL TERM
Topical Term Wizards
650 #1 - SUBJECT ADDED ENTRY--TOPICAL TERM
Topical Term Magic
650 #1 - SUBJECT ADDED ENTRY--TOPICAL TERM
Topical Term Schools
942 ## - ADDED ENTRY ELEMENTS (KOHA)
Koha item type សៀវភៅភាសាអង់គ្លេស
952 ## - LOCATION AND ITEM INFORMATION (KOHA)
Withdrawn status [LOCAL, KOHA] 0
Holdings
Permanent Location Date acquired Koha item type Lost status Shelving location Barcode Current Location Full call number
Library Block A2017-10-03សៀវភៅភាសាអង់គ្លេស A094A14161Library Block A823 ART 1999 A094 Or.
មជ្ឈមណ្ឌលឯការនៃសាកលវិទ្យាល័យភូមិន្ទកសិកម្មចំការដូង

Powered by Koha